000 00711nam a2200229Ia 4500
003 OSt
005 20220925231831.0
006 a|||||r|||| 00| 0
007 ta
008 220923b |||||||| |||| 00| 0 eng d
037 _cGeneral Book
040 _aRTL
_cRTL
_beng
041 _2eng
_aeng
082 _aXxM34:g, M8
100 _aKatzner Donald W
_9235433
245 0 _aWalrasian microeconomics
_b An introduction to the economic theory of market behavior
260 _aMassachusetts
_bAddison-Wesley
_c1988
300 _a512p
_ccm.
500 _aBibliography chapterwise; Appendix: P 451-98
942 _hXxM34:g, M8
_cGB
_2CC
999 _c589579
_d589579